K vývoji čs. vnějšího ekonomického prostředí v regionu Evropského společenství.

Čs. ekonomika sa usiluje o integračné napojenie na krajiny ES, ktoré sa pripravujú na zavedenie jednotného trhu. Skúmanie dimenzie trhu ES, bariér, ktoré je nutné eliminovať, efektov z odstránenia bariér a odlišnosti východiskových podmienok pre vytvorenie jednotného trhu jestvujúcich v jednotlivých...

Descripción completa

Guardado en:
Detalles Bibliográficos
Autor principal: Czesaný, Slavoj
Formato: Capítulo de libro
Lenguaje:checo
Materias:
Etiquetas: Agregar Etiqueta
Sin Etiquetas, Sea el primero en etiquetar este registro!

MARC

LEADER 00000naa a2200000 4500
001 r003616
005 20221125080627.5
041 0 |a cze 
044 |a [CS] 
245 1 0 |a K vývoji čs. vnějšího ekonomického prostředí v regionu Evropského společenství.  |c Slavoj Czesaný 
520 |a Čs. ekonomika sa usiluje o integračné napojenie na krajiny ES, ktoré sa pripravujú na zavedenie jednotného trhu. Skúmanie dimenzie trhu ES, bariér, ktoré je nutné eliminovať, efektov z odstránenia bariér a odlišnosti východiskových podmienok pre vytvorenie jednotného trhu jestvujúcich v jednotlivých odvetviach ako predpoklad prípravy vstupu čs. ekonomiky do nového vonkajšieho prostredia. 
610 2 0 |a integrácia ekonomická medzinárodná 
610 2 0 |a hospodárstvo národné 
610 2 0 |a ČSFR 
610 2 0 |a vzťahy hospodárske vonkajšie 
610 2 0 |a Európske spoločenstvá 
610 2 0 |a trh medzinárodný 
100 1 |a Czesaný, Slavoj